00205nam a2200085Ia 450000100070000000500170000700800410002424500330006526000210009888272520250826182705.0250824s9999 xx 000 0 und d 0aBAŞKAcKAHRAMAN TAZEOĞLU bDESTEK YAYINLARI